00700nam a2200217Ia 450000500170000000800410001702000180005810000280007624500610010425000230016530000190018865000440020765000340025165000300028526400320031533600270034733700330037433800280040704000350043508400120047020220317000056.0141031s9999 xx 000 0 und d a978958704440910aSánchez Baute, Alonso10aAl diablo la maldita primavera c Alonso Sánchez Baute a1a ed., 2a reimpr. a276 páginas 14a Homosexualidad en la literatura 2LEMB14a Literatura colombiana 2LEMB14a Novela colombiana 2LEMB aBogotá bAlfaguara c2014 atextobtxt2rdacontent asin mediaciónbn2rdamedia avolumenbnc2rdacarrier aCO-BoRNBPbspaerdacCO-BoRNBP aN SAN10